00719nam a2200169 a 450000100100000000500170001000800410002704000250006808200150009311000840010824500880019226000670028030000310034770000400037895201140041899900170053200003037220250116163337.0110511s2000 dr d 000 0 spa d aDO-SdBNPbspacBNPHU axxxbR426s1 aRepública Dominicana.bSecretaría de Estado de Educación y Cultura91869710aSeguro médico para maestro (SEMMA) /cpresentación Ligia Amada Melo de Cardona. aSanto Domingo :bSecretaría de Estado de Educación,c2000. a27 p. :bdiagrs. ;c24 cm.1 aMelo de Cardona, Ligia Amada927174 00107-18PDaPDbPDcOId2011-05-11iLF1l0oxxx R426sp30372-10r2020-06-25w2020-06-25yLFPDZNo se presta c29864d29864